Name a Retired Number From All MLB Teams Part: 1 - Statistics

General Stats
  • This quiz has been taken 18 times
  • The average score is 13 of 15
Answer Stats
Team Number(s) % Correct
Athletics 9/24/27/34/43
100%
Angels 11/26/29/30/50
94%
Dodgers 1/2/4/19/20/24/32/34/39/42/53
94%
Giants 3/4/11/20/22/24/25/27/30/36/44
94%
Mariners 11/24
88%
Blue Jays 12/32
88%
Cardinals 1/2/6/9/10/14/17/20/23/24/42/45
88%
Mets 14/16/17/18/24/31/37/41
88%
Brewers 1/4/19/34/44
88%
DiamondBacks 20/51
88%
Braves 3/6/10/21/29/31/35/41/44/47
88%
Orioles 4/5/8/20/22/33
88%
Astros 5/24/25/32/33/34/40/49
88%
Cubs 10/14/23/26/31
81%
Guardians 3/5/14/18/19/20/21/25
81%
No matching quizzes found
Score Distribution
Percent of People with Each Score
Percentile by Number Answered
Your Score History
You have not taken this quiz